000 00601nam a2200217Ka 4500
008
020 _a1853690082 (hbk.)
049 _aMAIN
090 _aKH90
_bMAR
100 1 _aMarshall, Chris.
245 1 0 _aLife assurance law and taxation /
_cChris Marshall.
260 _bC.I.I.,
_c1992.
300 _a1 v. (various paging).
650 0 _aInsurance, Life
_zGreat Britain.
650 0 _aInsurance law
_zGreat Britain.
907 _a.b10225250
_b16-08-10
_c19-01-07
003
005 20230123134331.0
040 _cNUST
942 _cBOOKS
_kKH90
_mMAR
999 _c164088
_d164088